000 02310ncm0a2200409 4500
001 RU\NLR\ONIZ\227167
005 20250623213803.0
010 _a978-5-91201-244-0
013 _a979-0-706415-23-9
021 _aRU
_b16-202
_918-НО-П-16
035 _aRU\NLR\ONIZ\lanatalya\5000007039\20191121132509
035 _a(NLR Aleph) 012144416
090 _a12114305
_c12114305
100 _a20170605d2017 |||y0rusy50 ca
101 0 _arus
102 _aRU
125 _azx
145 0 _ab
200 1 _aРазвивающее обучение детей игре на фортепиано
_bНоты
_eучебно-методическое пособие
_hВып. 7
_fЛ. И. Дробышева-Разумовская, С. Г. Мошкаров
210 _aПермь
_c[б. и.]
_gИПК "От и До"
_eПермь
_d2017
215 _a103, [1] c.
_cил.
_d30 см
313 _aСистематизация документа проведена по изданию - Методика классифицирования музыкальных произведений (нотных изданий) по таблицам Библиотечно-библиографических классификаций : метод. рекомендации / Гос. б-ка СССР им. В.И. Ленина.- М., 1977. Индексу ББК методических рекомендаций присваивается код ББК для научных библиотек - LBC/SL
606 1 _aМетодика обучения игре на инструменте
_yРоссия
_z20-21 вв.
_jНоты
_2nlr_sh
686 _aЩ954.293(2Р)
_vLBC/SL
_2rubbk
700 1 _9z01790
_aДробышева-Разумовская
_bЛ. И.
_gЛюдмила Ивановна
_4070
_4220
_4340
701 1 _9z02790
_aМошкаров
_bС. Г.
_gСергей Георгиевич
_4070
790 1 _9z01700
_aDroby`sheva-Razumovskaya
_bL.
_gLyudmila
_4070
_4220
_4340
790 1 _9z02701
_aMoshkarov
_bS.
_gSergej
_4070
801 0 _aRU
_bNLR
_c20170605
_gPSBO
801 1 _aRU
_bNLR
_c20170605
_2rusmarc
801 2 _aRU
_bNLR
_c20191121
852 _aNLR
_bМ
_j3/11370(7)
_pМОЭ 2018-НО-П-16/202
_t1
852 _aNLR
_bМ
_j3/11370(7)а
_pМОЭ 2018-НО-П-16/202а
_t2
942 _cSCORE
980 _aNB
980 _aONIZ